01248nam a22002411 450000100060000000300080000600500170001400800390003103500190007004000320008904100110012108200260013210000480015824503710020626000510057730000360062865100610066465100550072574000450078094200120082599900170083795201520085428362BD-RjUL20211209051255.0140330s1963 ru c 100 0 eng a(BD-RjUL)28443 aDLCcDLCdDLCdBD-RjULbeng1 aengrus a320.9470841bLER 19631 aLenin, Vladimir Ilʹich,d1870-1924.98685910aReport on peace :bdelivered at the Second All-Russian Congress of Soviets of Workers' and Soldiers' Deputies, October 26 (November 8), 1917, Home and foreign policy of the Republic, report of the All-Russian Central Executive Committee and the Council of People's Commissars to the Ninth All-Russian Congress of Soviets, December 23, 1921 /cVladimir Ilʹich Lenin. aMoscow :bForeign Languages Pub. House,c1963. a290 p. :bill., port. ;c21 cm. 0aSoviet UnionxPolitics and governmenty1917-1936.986860 0aSoviet UnionxForeign relationsy1917-1945.986861 aHome and foreign policy of the Republic. 2ddccBK c28362d28362 00102ddc40728NFICaRUCLbRUCLcReadingd1977-05-04eW. Heffer and Sonsg0.37l0o320.9470841 LER 1963r2014-03-30 00:00:00tC-1w2014-03-30yBK